• 首页
  • 本馆介绍
  • 公告通知
  • 最新文献
  • 馆藏检索
  • 电子资源
  • 读者导购
  • 参考咨询
  • 我的图书馆
  • 登录
  • 详细信息显示
  • 放入我的书架
  • 预约/预借图书
  • 作者相关作品
  • 分类相关作品
  • 丛书相关作品
  • 出版社相关作品

书目信息

  • 表格格式
  • 工作单格式
  • 卡片格式
题名:
学校人力资源管理
    
 
作者: 郭继东 著
分册:  
出版信息: 天津   天津教育出版社  2006
页数: 258页
开本: 24cm
丛书名: 教育经济与管理丛书
单 册:
中图分类: G472.3
科图分类:
主题词: 学校管理--人事管理--研究 , 学校管理 , 人事管理
电子资源:
ISBN: 7-5309-4543-2
000 01313nam0 2200385 450
000 01276nam0 2200373 450
000 01241nam0 2200361 450
000 01204nam0 2200349 450
000 01153nam0 2200337 450
000 01118nam0 2200325 450
000 01081nam0 2200313 450
000 01045nam0 2200301 450
000 00956nam0 2200265 450
000 00920nam0 2200253 45
001 1560523712
005 20150201085234.40
010    @a7-5309-4543-2@dCNY42.00
100    @a20070620d2006 em y0chiy0120 ea
101 0  @achi
102    @aCN@b120000
105    @ay z 000yy
200 1  @a学校人力资源管理@AXue Xiao Ren Li Zi Yuan Guan Li@f郭继东著@FGuo Ji Dong Zhu
210    @a天津@c天津教育出版社@d2006
215    @a258页@d24cm
225 2  @a教育经济与管理丛书
330    @a这套“教育经济与管理”丛书分为五个系列,有宏观研究也有微观剖析;既有理论研讨的学术进取,又有拓宽视野的比较考察和案例分析,涵盖教育行政、公共经济、经费投入、管理经营、法律政策、人力资源发开发等领域。
410  0 @12001 @a教育经济与管理丛书
606 0  @a学校管理@x人事管理@x研究
606 0  @a学校管理
606 0  @a人事管理
690    @aG472.3@v4
701  0 @a郭继东@AGuo Ji Dong@4著
801  0 @aCN@bTAOJIN@c20070620
905    @aZUCC@dG472.3@eJY1
    
    学校人力资源管理/郭继东著.-天津:天津教育出版社,2006
    258页;24cm.-(教育经济与管理丛书)
    
    
    ISBN 7-5309-4543-2:CNY42.00
    这套“教育经济与管理”丛书分为五个系列,有宏观研究也有微观剖析;既有理论研讨的学术进取,又有拓宽视野的比较考察和案例分析,涵盖教育行政、公共经济、经费投入、管理经营、法律政策、人力资源发开发等领域。
●
相关链接 在E读中查询图书 在五车中查询图书 在当当中查询图书 在豆瓣中查询图书


正题名:学校人力资源管理     索取号:G472.3/JY1         预约/预借

序号 登录号 条形码 馆藏地/架位号 状态 备注
1 7846565   278465652   学院路分馆/ [索取号:G472.3/JY1] 在馆    
2 7860804   278608044   学院路分馆/ [索取号:G472.3/JY1] 在馆    
3 7860805   278608053   学院路分馆/ [索取号:G472.3/JY1] 在馆    
4 7860806   278608062   学院路分馆/ [索取号:G472.3/JY1] 在馆    
5 7860807   278608071   学院路分馆/ [索取号:G472.3/JY1] 在馆    
唐山师范学院图书馆 欢迎您!
大连网信软件有限公司© 版权所有